ARRUPE JESUIT UNIVERSITY

CORONAVIRUS -STOP THE SPREAD - CLEAN,DISINFECT,COVER

Ask the beasts : (Record no. 127024)

MARC details
000 -LEADER
fixed length control field 04548cam a22004457i 4500
001 - CONTROL NUMBER
control field 18348565
003 - CONTROL NUMBER IDENTIFIER
control field ARRUPE
005 - DATE AND TIME OF LATEST TRANSACTION
control field 20171004094518.0
008 - FIXED-LENGTH DATA ELEMENTS--GENERAL INFORMATION
fixed length control field 140127s2014 enk b 001 0 eng d
010 ## - LIBRARY OF CONGRESS CONTROL NUMBER
LC control number 2014456115
015 ## - NATIONAL BIBLIOGRAPHY NUMBER
National bibliography number GBB399788
Source bnb
016 7# - NATIONAL BIBLIOGRAPHIC AGENCY CONTROL NUMBER
Record control number 016530560
Source Uk
020 ## - INTERNATIONAL STANDARD BOOK NUMBER
International Standard Book Number 9781472903730 (hbk.)
020 ## - INTERNATIONAL STANDARD BOOK NUMBER
International Standard Book Number 1472903730
035 ## - SYSTEM CONTROL NUMBER
System control number (OCoLC)ocn862092418
040 ## - CATALOGING SOURCE
Original cataloging agency UKMGB
Language of cataloging eng
Transcribing agency UKMGB
Description conventions rda
Modifying agency BTCTA
-- BDX
-- CDX
-- YDXCP
-- ELW
-- SP1
-- ABG
-- MNF
-- ISS
-- OCLCF
-- HEBIS
-- LMR
-- NGU
-- DLC
042 ## - AUTHENTICATION CODE
Authentication code lccopycat
050 00 - LIBRARY OF CONGRESS CALL NUMBER
Classification number BT695.5
Item number .J63 2014
082 04 - DEWEY DECIMAL CLASSIFICATION NUMBER
Classification number 261.88
Edition number 23
300 ## - PHYSICAL DESCRIPTION
Dimensions 25 cm
100 1# - MAIN ENTRY--PERSONAL NAME
Personal name Johnson, Elizabeth A.,
Dates associated with a name 1941-
9 (RLIN) 36687
245 10 - TITLE STATEMENT
Title Ask the beasts :
Remainder of title Darwin and the god of love /
Statement of responsibility, etc Elizabeth A. Johnson.
246 30 - VARYING FORM OF TITLE
Title proper/short title Darwin and the god of love
260 ## - PUBLICATION, DISTRIBUTION, ETC. (IMPRINT)
Place of publication, distribution, etc London
Name of publisher, distributor, etc Bloomsbury
Date of publication, distribution, etc 2014
300 ## - PHYSICAL DESCRIPTION
Extent xviii, 323 p. ;
500 ## - GENERAL NOTE
General note "A Continuum book"--Title-page verso.
504 ## - BIBLIOGRAPHY, ETC. NOTE
Bibliography, etc Includes bibliographical references (pages 287-316) and index.
505 0# - FORMATTED CONTENTS NOTE
Formatted contents note Beasts and entangled bank : a dialogue. Creation in and out of focus ; Models of engagement ; The weight of a theory ; A wager: good dialogue partners -- "When we look-- ". The author and his amazing book ; Core insight ; Science: special acts of creation ; A religious odyssey ; The beholder -- "Endless forms most beautiful". Starting with farm and garden ; Two key elements: variation and struggle ; The theory: natural selection ; The tree of life ; A crowd of difficulties ; Throughout time ; Across space ; Mutual affinities ; "There is grandeur in this view of life" -- Evolution of the theory. The center holds ; Misuse of the theory ; Scientific advances ; A cosmic lens ; An ecological lens -- The dwelling place of God. "We are fecund and exuberantly alive" ; Obstacles ; Life and love: a trinitarian framework ; Poetic biblical images ; The wisdom of philosophy: participation ; God's dwelling place -- Free, empowered creation. Paradigm of the lover ; The wisdom of philosophy: ultimate and proximate causes ; Interplay of law and chance ; Unscripted adventure ; Emergence: on behalf of matter and the body ; Beasts and entangled bank -- All creation groaning. "We suffer and die" ; Framing the issue ; Deep incarnation ; The Christic paradigm ; The cross and the tree of life ; Deep resurrection -- Bearer of great promise. Bookends ; "We are created" ; "We are finite and will end" ; Cosmic redemption ; Muir's bear -- Enter the humans. An evolving singularity ; Eaarth (sic) ; Extinction: never again ; The promise of nature ; Conversion to the earth -- The community of creation. "We are all creatures" ; The dominion paradigm ; The community of creation paradigm ; "Where were you...?" ; Creation's praise and lament ; The ecological vocation ; Onwards, for the love of God.
520 ## - SUMMARY, ETC.
Summary, etc For millennia, plant and animal species have received little sustained attention as subjects of Christian theology and ethics in their own right. Focused on the human dilemma of sin and redemptive grace, theology has considered the doctrine of creation to be mainly an overture to the main drama of humanity's relationship to God. What value does the natural world have within the framework of religious belief? The crisis of biodiversity in our day, when species are going extinct at more than 1,000 times the natural rate, renders this question acutely important. Standard perspectives need to be realigned; theology needs to look out of the window so to speak, as well as in the mirror. Ask the Beasts: Darwin and the God of Love leads to the conclusion that love of the natural world is an intrinsic element of faith in God and that far from being an add-on, ecological care is at the center of moral life. --
650 #0 - SUBJECT ADDED ENTRY--TOPICAL TERM
Topical term or geographic name as entry element Environmental degradation
General subdivision Religious aspects
-- Christianity.
9 (RLIN) 36688
650 #0 - SUBJECT ADDED ENTRY--TOPICAL TERM
Topical term or geographic name as entry element Environmental protection
General subdivision Religious aspects
-- Christianity.
9 (RLIN) 18227
650 #0 - SUBJECT ADDED ENTRY--TOPICAL TERM
Topical term or geographic name as entry element Nature
General subdivision Religious aspects
-- Christianity.
9 (RLIN) 1869
856 42 - ELECTRONIC LOCATION AND ACCESS
Materials specified Contributor biographical information
Uniform Resource Identifier <a href="http://www.loc.gov/catdir/enhancements/fy1507/2014456115-b.html">http://www.loc.gov/catdir/enhancements/fy1507/2014456115-b.html</a>
856 42 - ELECTRONIC LOCATION AND ACCESS
Materials specified Publisher description
Uniform Resource Identifier <a href="http://www.loc.gov/catdir/enhancements/fy1507/2014456115-d.html">http://www.loc.gov/catdir/enhancements/fy1507/2014456115-d.html</a>
906 ## - LOCAL DATA ELEMENT F, LDF (RLIN)
a 7
b cbc
c copycat
d 3
e ncip
f 20
g y-gencatlg
942 ## - ADDED ENTRY ELEMENTS (KOHA)
Source of classification or shelving scheme Library of Congress Classification
Koha item type Monograph ( Printed materials)
Holdings
Withdrawn status Lost status Source of classification or shelving scheme Damaged status Not for loan Collection code Home library Current library Shelving location Date acquired Total Checkouts Full call number Barcode Date last seen Date checked out Price effective from Koha item type
    Library of Congress Classification     Main Collection ARRUPE LIBRARY ARRUPE LIBRARY Main Collection 04/10/2017 3 BT695.5 .J63 2014 46500027766 23/10/2023 26/09/2023 04/10/2017 Monograph ( Printed materials)

 

Arrupe Library. PO Box MP320 Mt Pleasant, Harare, Zimbabwe
263 242 745411|librarian@aju.ac.zw